Hugh Jackman Movies Quiz Stats

 Plays Quiz Updated Jan 1, 2021

Support Sporcle.
Go Orange.
Score 0/39 Timer 06:00
0 Plays Today
Year Film % Correct
2000X-Men
98.7%
2003X2
91.7%
2013The Wolverine
91.7%
2009X-Men Origins: Wolverine
90%
2006X-Men: The Last Stand
89.8%
2017Logan
88.7%
2017The Greatest Showman
80%
2012Les Misérables
77.3%
2014X-Men: Days of Future Past
70.3%
2008Australia
57.9%
2016X-Men: Apocalypse (uncredited)
56.1%
2006The Prestige
42%
2015Pan
39.3%
2001Swordfish
30.6%
2013Prisoners
29%
2001Kate & Leopold
28.6%
2004Van Helsing
26.5%
2016Eddie the Eagle
21.4%
2006Happy Feet
20.9%
2011X-Men: First Class
20.8%
Year Film % Correct
2015Chappie
19.7%
2013Movie 43
19.5%
2018The Front Runner
19.5%
2019Missing Link
18.9%
2006Flushed Away
18.3%
2012Rise of the Guardians
17.4%
2019Bad Education
15.3%
2006The Fountain
13.3%
2011Real Steel
11.4%
2001Someone Like You...
10.1%
2011Butter
9.7%
2006Scoop
8.5%
2008Deception
8.4%
2015Me and Earl and the Dying Girl
6.4%
1999Paperback Hero
5.2%
1999Erskineville Kings
3.5%
2008Uncle Jonny
3.3%
2004Standing Room Only
2.7%
2011Snow Flower and the Secret Fan
1.9%

From the Vault

History Honeycomb

by Barbecue

History 5m
If bees communicate by dancing, surely you will do better by also dancing.
Remove Ads.
Support Sporcle.
Get the best of Sporcle when you Go Orange. This ad-free experience offers more features, more stats, and more fun while also helping to support Sporcle. Thank you for becoming a member.

Show Comments

Extras

Top Quizzes Today


Score Distribution

Your Account Isn't Verified!

In order to create a playlist on Sporcle, you need to verify the email address you used during registration. Go to your Sporcle Settings to finish the process.

Report this User

Report this user for behavior that violates our Community Guidelines.

Details: